00253nam a2200109Ia 4500008004100000100001500041245003300056250000900089260002900098300000800127650000800135191201s2009 xx 000 0 und d aKAUSHAL, H 0aCase Study Solutions Finance aRep. aN.DelhibMacmillanc2009 a237 aMBA